LEADER 01577nam a2200313 4500 001 000000353006 003 CaOOAMICUS 005 20230301160735.0 008 230301s2021 it 000 u ita r 020 $a978-88-498-3332-4 040 $aSeMil$bita 100 1 $aHayek, Friedrich A. : von,$d<1899-1992>.$0(OLS)http://semarc/name/33911 240 10$aStudies in philosophy, politics and economics.$0(OLS)http://semarc/title/442981 245 10$aStudi di filosofia, politica ed economia /$cFriedrich A. von Hayek ; prefazione di Lorenzo Infantino. 264 1$aSoveria Mannelli :$bRubbettino,$c2021. 300 $a512 p. ;$c21 cm 490 1 $aBiblioteca austriaca. Nuova serie. Documenti ;$v14 500 $aTraduzione di Marcella Vitale, Simona Fallocco, Fabiano Grasso 650 4$aFilosofia - Teorie - Sec. 20.$0(OLS)http://semarc/subject/53503 650 4$aPolitica e economia - Sec. 20.$0(OLS)http://semarc/subject/9948 650 4$aEconomia - Teorie - Sec. 20.$0(OLS)http://semarc/subject/37128 700 1 $aInfantino, Lorenzo.$0(OLS)http://semarc/name/576 830 0$aBiblioteca austriaca. Nuova serie. Documenti ;$v14.$0(OLS)http://semarc/title/404818 850 $aSeMil 852 $aSeMil$W1$xVenegono$y1$m2P II 1027$j237942$B244237$CSeMilBibl$Z2$F244237 $81 996 $6020$a978-88-498-3332-4$9(OLS)http://semarc/number/297706 996 $6245$aStudi di filosofia, politica ed economia$9(OLS)http://semarc/title/442982 996 $6264$aSoveria Mannelli :$bRubbettino$9(OLS)http://semarc/publisher/32145 LEADER 00924nam a2200205 i 4500 001 000000222723 003 CaOOAMICUS 005 20130924000000.0 008 130924s1992 it u000 u ita u 013 $a201620 040 $aSeMil$bita 245 10$aSacerdote Mario Vallini, Prevosto di Carnago, Parrocchia S. Martino :$b50 anni di Sacerdozio, 25 anni con noi. 30 maggio 1942 - 30 maggio 1992. 260 $a[S.l. :$bs.n.],$c1992. 300 $a1 v. :$bill. ;$c21 cm. 650 4$aCarnago.$0(OLS)http://semarc/subject/8621 850 $aSeMil 852 $aSeMil$W1$xVenegono$y1$m5A XII 7/46$j173069$B173069$CSeMilBibl$Z2$F183365 $81 961 $aOmaggio: Altro 996 $6245$aSacerdote Mario Vallini, Prevosto di Carnago, Parrocchia S. Martino :$b50 anni di Sacerdozio, 25 anni con noi. 30 maggio 1942 - 30 maggio 1992$9(OLS)http://semarc/title/319322 996 $6260$a[S.l. :$bs.n.]$9(OLS)http://semarc/publisher/29751